[Event "34th Rilton Cup"]
[Site "Stockholm SWE"]
[Date "2004.12.30"]
[Round "4.52"]
[White "Penttilae, Tero"]
[Black "Bernholdsson, Svante"]
[Result "1/2-1/2"]
[WhiteElo "2006"]
[BlackElo "1955"]
[EventDate "2004.12.27"]
[PlyCount "91"]

1.e4 c5 2.Nf3 d6 3.d4 cxd4 4.Nxd4 Nf6 5.Nc3 Nc6 6.Bg5 e6 7.Qd2 a6 8.O-O-O 
h6 9.Bh4 Nxe4 10.Qf4 Ng5 11.Nxc6 bxc6 12.Ne4 d5 13.Kb1 Be7 14.Bxg5 hxg5 
15.Qg3 f5 16.Nd2 Bd6 17.Qc3 Qc7 18.Re1 Rb8 19.a3 g4 20.h3 Qe7 21.Ka2 Qf6 
22.Bd3 Qxc3 23.bxc3 Bd7 24.Bxf5 Kf7 25.Bxg4 Rb7 26.Rb1 Rhb8 27.Rxb7 Rxb7 
28.Re1 Kf6 29.Rb1 Rxb1 30.Nxb1 Bc5 31.f3 Be3 32.Kb3 c5 33.c4 d4 34.a4 Ke5 
35.g3 Kf6 36.Na3 Bf2 37.Nb1 Bxg3 38.Nd2 Bc6 39.Kb2 Ke5 40.Nb3 Kd6 41.Ka3 
Be1 42.Nc1 Bc3 43.Nd3 e5 44.Kb3 e4 45.fxe4 Bxe4 46.Bc8 1/2-1/2

[Event "34th Rilton Cup"]
[Site "Stockholm SWE"]
[Date "2004.12.31"]
[Round "5.2"]
[White "Volkov, Sergei"]
[Black "Cramling, Pia"]
[Result "1-0"]
[WhiteElo "2628"]
[BlackElo "2477"]
[EventDate "2004.12.27"]
[PlyCount "61"]

1.d4 d5 2.c4 c6 3.Nc3 Nf6 4.e3 Bf5 5.cxd5 cxd5 6.Qb3 Bc8 7.Bd3 Nc6 8.f4 e6
9.Nf3 Be7 10.O-O O-O 11.Ne5 Nxe5 12.fxe5 Nd7 13.Qc2 g6 14.Bd2 a6 15.Ne2 
Nb8 16.Rf3 Nc6 17.Raf1 Bd7 18.a3 Rc8 19.Qb1 Qb6 20.b4 Be8 21.Qe1 Nb8 22.
Nc3 Qd8 23.Qf2 a5 24.bxa5 Bxa3 25.e4 Bb2 26.Ne2 dxe4 27.Bxe4 Bb5 28.Bd3 
Bxd3 29.Rxd3 Nc6 30.Bh6 Nxe5 31.Bxf8 1-0

[Event "34th Rilton Cup"]
[Site "Stockholm SWE"]
[Date "2004.12.31"]
[Round "5.4"]
[White "Gleizerov, Evgeny"]
[Black "Handke, Florian"]
[Result "1/2-1/2"]
[WhiteElo "2539"]
[BlackElo "2467"]
[EventDate "2004.12.27"]
[PlyCount "27"]

1.d4 d5 2.c4 c6 3.Nf3 Nf6 4.Nc3 dxc4 5.a4 Bf5 6.e3 e6 7.Bxc4 Bb4 8.O-O 
Nbd7 9.Nh4 O-O 10.Nxf5 exf5 11.Qc2 Nb6 12.Bb3 Qd7 13.a5 Nbd5 14.Bd2 
1/2-1/2

[Event "34th Rilton Cup"]
[Site "Stockholm SWE"]
[Date "2004.12.31"]
[Round "5.6"]
[White "Hedman, Erik"]
[Black "Berg, Emanuel"]
[Result "1/2-1/2"]
[WhiteElo "2320"]
[BlackElo "2529"]
[EventDate "2004.12.27"]
[PlyCount "68"]

1.e4 c5 2.Nf3 Nc6 3.d4 cxd4 4.Nxd4 Nf6 5.Nc3 e5 6.Ndb5 d6 7.Nd5 Nxd5 8.
exd5 Nb8 9.a4 Be7 10.Be2 O-O 11.O-O Nd7 12.Kh1 a6 13.Na3 f5 14.f4 Bf6 15.
Nc4 Nb6 16.fxe5 dxe5 17.Ne3 Bg5 18.c4 a5 19.d6 Be6 20.c5 f4 21.Nc4 Nd7 22.
b4 axb4 23.Rb1 Rc8 24.Rxb4 Rxc5 25.Nd2 Rd5 26.Qc2 Rxd6 27.Rxb7 Be7 28.Bb2 
Rb6 29.Rxb6 Qxb6 30.Bd3 h6 31.Nc4 Qc7 32.Nxe5 Qxc2 33.Bxc2 Rc8 34.Bd3 Nc5 
1/2-1/2

[Event "34th Rilton Cup"]
[Site "Stockholm SWE"]
[Date "2004.12.31"]
[Round "5.7"]
[White "Palo, Davor"]
[Black "Kuemin, Simon"]
[Result "1/2-1/2"]
[WhiteElo "2526"]
[BlackElo "2392"]
[EventDate "2004.12.27"]
[PlyCount "85"]

1.d4 Nf6 2.c4 e6 3.Nf3 b6 4.Nc3 Bb4 5.Bg5 h6 6.Bh4 g5 7.Bg3 Ne4 8.Qc2 Bb7 
9.e3 Nxg3 10.hxg3 Bf8 11.g4 Qe7 12.a3 d6 13.Bd3 Nd7 14.Be4 O-O-O 15.b4 
Bxe4 16.Nxe4 f5 17.gxf5 exf5 18.Nc3 f4 19.Nd5 Qg7 20.exf4 c6 21.Rc1 Kb7 
22.Nc3 Re8+ 23.Kf1 g4 24.Nh4 Qxd4 25.Ne2 Qe4 26.Qxe4 Rxe4 27.Ng6 Rh7 28.
Ng3 Rd4 29.Nf5 Rd3 30.Nxf8 Nxf8 31.Rxh6 Rxh6 32.Nxh6 Rxa3 33.Re1 a5 34.
Re7+ Ka6 35.bxa5 bxa5 36.f5 a4 37.Re8 Ra1+ 38.Ke2 Kb7 39.Rxf8 a3 40.Rf7+ 
Kb6 41.Rf8 Kb7 42.Rf7+ Kb6 43.Rf8 1/2-1/2

[Event "34th Rilton Cup"]
[Site "Stockholm SWE"]
[Date "2004.12.31"]
[Round "5.8"]
[White "Aakesson, Ralf"]
[Black "Molander, Riku"]
[Result "1-0"]
[WhiteElo "2472"]
[BlackElo "2328"]
[EventDate "2004.12.27"]
[PlyCount "73"]

1.d4 e6 2.c4 c5 3.d5 exd5 4.cxd5 d6 5.Nc3 g6 6.e4 Bg7 7.Bd3 Nf6 8.h3 O-O 
9.Bg5 Re8 10.Nf3 Nbd7 11.O-O a6 12.a4 h6 13.Bf4 Qe7 14.Qd2 g5 15.Bh2 g4 
16.hxg4 Nxg4 17.Bg3 Nde5 18.Be2 Nxf3+ 19.Bxf3 Ne5 20.Be2 Qg5 21.Bf4 Qg6 
22.Rae1 Bd7 23.Bh2 b5 24.f4 b4 25.Nd1 Ng4 26.f5 Qh5 27.Bxg4 Qxg4 28.f6 Bf8
29.Re3 Kh7 30.e5 dxe5 31.Bxe5 Rxe5 32.Rxe5 Bd6 33.Re7 Qh5 34.Qd3+ Kh8 35.
Rxd7 Qh2+ 36.Kf2 Rg8 37.Qh3 1-0

[Event "34th Rilton Cup"]
[Site "Stockholm SWE"]
[Date "2004.12.31"]
[Round "5.9"]
[White "Doggers, Peter"]
[Black "Lyrberg, Patrik"]
[Result "0-1"]
[WhiteElo "2292"]
[BlackElo "2432"]
[EventDate "2004.12.27"]
[PlyCount "64"]

1.e4 e5 2.Nf3 Nc6 3.Bb5 a6 4.Ba4 Bc5 5.c3 Ba7 6.d4 b5 7.Bb3 Qe7 8.O-O Nf6 
9.Bg5 h6 10.Bh4 Bb7 11.Re1 g5 12.Bg3 h5 13.Nxe5 h4 14.Nxc6 dxc6 15.Be5 Rh6
16.Bxf6 Qxf6 17.e5 Qf4 18.e6 f5 19.g3 hxg3 20.fxg3 Qd6 21.Qf3 Qe7 22.Qxf5 
Rf6 23.Qe5 c5 24.Bd5 c6 25.Bg2 cxd4 26.c4 O-O-O 27.Nd2 d3+ 28.Kh1 Bd4 29.
Qe4 Rf2 30.Nf3 c5 31.Qg4 Rf8 32.Rf1 R8xf3 0-1

[Event "34th Rilton Cup"]
[Site "Stockholm SWE"]
[Date "2004.12.31"]
[Round "5.10"]
[White "Aagaard, Jacob"]
[Black "Lindberg, Bosse"]
[Result "1-0"]
[WhiteElo "2431"]
[BlackElo "2326"]
[EventDate "2004.12.27"]
[PlyCount "43"]

1.e4 c6 2.d4 d5 3.Nc3 b5 4.a3 dxe4 5.Nxe4 Nf6 6.Nxf6+ exf6 7.c3 Bd6 8.Bd3 
O-O 9.Ne2 Qc7 10.Qc2 g6 11.h4 Be6 12.h5 f5 13.Bh6 Re8 14.g4 Bd5 15.O-O-O 
Bxh1 16.Rxh1 fxg4 17.hxg6 fxg6 18.Bxg6 Rd8 19.Qb3+ Kh8 20.Bg5 Rf8 21.Qe6 
Bh2 22.Rxh2 1-0

[Event "34th Rilton Cup"]
[Site "Stockholm SWE"]
[Date "2004.12.31"]
[Round "5.12"]
[White "Peng, Zhaoqin"]
[Black "Ong, Kezli"]
[Result "0-1"]
[WhiteElo "2420"]
[BlackElo "2325"]
[EventDate "2004.12.27"]
[PlyCount "68"]

1.d4 Nf6 2.c4 e6 3.Nf3 Bb4+ 4.Nbd2 b6 5.a3 Bxd2+ 6.Qxd2 Bb7 7.e3 O-O 8.Bd3
Ne4 9.Qc2 f5 10.O-O d6 11.Nd2 Qh4 12.f3 Ng5 13.d5 Rf6 14.g3 Qh5 15.f4 Rh6 
16.Nb3 Nh3+ 17.Kh1 exd5 18.Qg2 Nxf4 19.Rxf4 Qd1+ 20.Bf1 Qxb3 21.Rxf5 Nd7 
22.cxd5 Rf6 23.g4 Bxd5 24.e4 Bb7 25.Bg5 Rxf5 26.gxf5 Re8 27.Kg1 Bxe4 28.
Qg4 Ne5 29.Qxe4 Nf3+ 30.Qxf3 Qxf3 31.Bg2 Qxf5 32.Bh4 Qg4 33.Bg3 Qd4+ 34.
Kh1 Qxb2 0-1

[Event "34th Rilton Cup"]
[Site "Stockholm SWE"]
[Date "2004.12.31"]
[Round "5.13"]
[White "Hermansson, Emil"]
[Black "Backelin, Rikard"]
[Result "1-0"]
[WhiteElo "2414"]
[BlackElo "2304"]
[EventDate "2004.12.27"]
[PlyCount "61"]

1.e4 e6 2.d4 d5 3.Nc3 Bb4 4.e5 c5 5.a3 Bxc3+ 6.bxc3 Qc7 7.Qg4 f5 8.Qg3 
cxd4 9.cxd4 Ne7 10.c3 O-O 11.Ne2 b6 12.Nf4 Qd7 13.a4 Ba6 14.Bb5 Bxb5 15.
axb5 a5 16.Ba3 Re8 17.O-O Ra7 18.Bd6 Rb7 19.Rac1 Nc8 20.Nh5 Kh8 21.c4 Qf7 
22.Nf4 Nxd6 23.exd6 dxc4 24.Rfe1 Rd7 25.h3 Kg8 26.d5 e5 27.Ne6 Qf6 28.Qa3 
e4 29.Rxc4 Qe5 30.Rec1 Qxd5 31.Nc7 1-0

[Event "34th Rilton Cup"]
[Site "Stockholm SWE"]
[Date "2004.12.31"]
[Round "5.14"]
[White "Poley, Vladimir"]
[Black "Norberg, Erik"]
[Result "1-0"]
[WhiteElo "2402"]
[BlackElo "2188"]
[EventDate "2004.12.27"]
[PlyCount "27"]

1.d4 g6 2.e4 Bg7 3.Nc3 c6 4.Nf3 d5 5.Bf4 dxe4 6.Nxe4 Nf6 7.Nxf6+ Bxf6 8.
Qd2 Bf5 9.Bc4 Nd7 10.O-O Nb6 11.Bb3 O-O 12.Rfe1 Qd7 13.Be5 Be6 14.Qh6 1-0

[Event "34th Rilton Cup"]
[Site "Stockholm SWE"]
[Date "2004.12.31"]
[Round "5.17"]
[White "Norberg, Johan"]
[Black "Paterek, Michal"]
[Result "0-1"]
[WhiteElo "2195"]
[BlackElo "2269"]
[EventDate "2004.12.27"]
[PlyCount "82"]

1.e4 c6 2.d4 d5 3.Nc3 dxe4 4.Nxe4 Nd7 5.Ng5 Ngf6 6.Bd3 e6 7.N1f3 Bd6 8.Qe2
h6 9.Ne4 Nxe4 10.Qxe4 Qc7 11.O-O b6 12.Qg4 g5 13.Qh3 Rg8 14.Bh7 g4 15.Qxh6
Bf8 16.Qf4 Qxf4 17.Bxf4 gxf3 18.Bxg8 fxg2 19.Kxg2 Nf6 20.Bxf7+ Kxf7 21.
Rfe1 Bb7 22.Rad1 c5+ 23.f3 Nd5 24.Be5 c4 25.Kf2 Bh6 26.Re4 c3 27.b3 Rg8 
28.Rde1 Bd2 29.Rd1 Ba6 30.Bg3 Bb5 31.a3 Bd3 32.cxd3 c2 33.Ree1 cxd1=Q 34.
Rxd1 Be3+ 35.Ke1 Bxd4 36.Rc1 Bb2 37.Rc4 Bxa3 38.Ke2 Be7 39.f4 Kg6 40.Kf3 
Kf5 41.Re4 Bd6 0-1

[Event "34th Rilton Cup"]
[Site "Stockholm SWE"]
[Date "2004.12.31"]
[Round "5.18"]
[White "Aadahl, Mattias"]
[Black "Marttala, Thomas"]
[Result "0-1"]
[WhiteElo "2164"]
[BlackElo "2245"]
[EventDate "2004.12.27"]
[PlyCount "84"]

1.c4 c5 2.Nf3 Nc6 3.e3 Nf6 4.Be2 g6 5.b3 Bg7 6.Bb2 O-O 7.O-O b6 8.a3 Bb7 
9.Qc2 Rc8 10.d3 d6 11.Nbd2 e5 12.Ne4 Ne8 13.Rfd1 d5 14.cxd5 Qxd5 15.Rac1 
h6 16.h4 Na5 17.Ned2 Nd6 18.Ne1 Qe6 19.Bc3 Nc6 20.Ne4 Rfd8 21.Nxd6 Rxd6 
22.Qb2 Nd4 23.Bf1 Nb5 24.e4 Rcd8 25.Bd2 Nd4 26.Rb1 Qg4 27.b4 cxb4 28.Bxb4 
R6d7 29.g3 Bf6 30.Kh2 Rc7 31.Rdc1 Rxc1 32.Rxc1 Bc8 33.a4 g5 34.f3 Nxf3+ 
35.Nxf3 Qxf3 36.Bg2 Qxd3 37.Rf1 gxh4 38.Rxf6 hxg3+ 39.Kh1 Qd1+ 40.Bf1 Bh3 
41.Qa2 g2+ 42.Kh2 gxf1=N+ 0-1

[Event "34th Rilton Cup"]
[Site "Stockholm SWE"]
[Date "2004.12.31"]
[Round "5.20"]
[White "Lohou, Stephane"]
[Black "Nouro, Mikael"]
[Result "0-1"]
[WhiteElo "2167"]
[BlackElo "2361"]
[EventDate "2004.12.27"]
[PlyCount "56"]

1.e4 d6 2.d4 Nf6 3.Nc3 g6 4.Bg5 Bg7 5.Qd2 h6 6.Bh4 Nbd7 7.f4 c5 8.d5 Qb6 
9.Rb1 a6 10.Nf3 Qc7 11.a4 Rb8 12.Bc4 O-O 13.O-O Nb6 14.Be2 Bg4 15.a5 Nc8 
16.e5 Nh7 17.Ne4 Bxf3 18.Rxf3 dxe5 19.fxe5 Bxe5 20.Qxh6 Bg7 21.Qd2 Nd6 22.
Nxd6 exd6 23.b4 b6 24.bxc5 bxc5 25.Rxb8 Rxb8 26.Bxa6 c4 27.Bf2 Rb1+ 28.Be1
Qa7+ 0-1

[Event "34th Rilton Cup"]
[Site "Stockholm SWE"]
[Date "2004.12.31"]
[Round "5.21"]
[White "Karlsson, Tomas"]
[Black "Jiretorn, Eva"]
[Result "1/2-1/2"]
[WhiteElo "2267"]
[BlackElo "2145"]
[EventDate "2004.12.27"]
[PlyCount "37"]

1.e4 c5 2.Nf3 Nc6 3.d4 cxd4 4.Nxd4 g6 5.Nc3 Bg7 6.Be3 Nf6 7.Bc4 O-O 8.Bb3 
Qa5 9.O-O d6 10.h3 Bd7 11.Re1 Rac8 12.f4 Nxd4 13.Bxd4 e5 14.fxe5 dxe5 15.
Bf2 Bc6 16.Qf3 b5 17.Bh4 b4 18.Nd5 Nxd5 19.exd5 1/2-1/2

[Event "34th Rilton Cup"]
[Site "Stockholm SWE"]
[Date "2004.12.31"]
[Round "5.24"]
[White "Kafka, Graeme"]
[Black "Henriksson, Jacob"]
[Result "1-0"]
[WhiteElo "2122"]
[BlackElo "2215"]
[EventDate "2004.12.27"]
[PlyCount "87"]

1.e4 c5 2.Nf3 d6 3.d4 Nf6 4.Nc3 cxd4 5.Nxd4 g6 6.Be3 Bg7 7.f3 Nc6 8.Qd2 
Bd7 9.O-O-O h5 10.Be2 Rc8 11.h3 h4 12.f4 Nh5 13.Nxc6 bxc6 14.Bd4 Kf8 15.
Bg4 Ng3 16.Bxg7+ Kxg7 17.Rhe1 f5 18.Qd4+ Kh6 19.exf5 gxf5 20.Bf3 c5 21.Qe3
Rh7 22.Ne2 Qb6 23.Nxg3 hxg3 24.Bd5 Rb8 25.b3 Rg7 26.Be6 Qc7 27.Qd3 Rf8 28.
Re3 Bxe6 29.Rxe6+ Kh7 30.Qf3 Kg8 31.Qh5 Rh7 32.Rg6+ Kh8 33.Rh6 e6 34.Rxd6 
Kg8 35.Qg6+ Rg7 36.Qxe6+ Qf7 37.Qxf7+ Rfxf7 38.Rd8+ Rf8 39.Rxf8+ Kxf8 40.
Rf6+ Ke7 41.Rxf5 c4 42.Rg5 Rf7 43.Rxg3 Rxf4 44.bxc4 1-0

[Event "34th Rilton Cup"]
[Site "Stockholm SWE"]
[Date "2004.12.31"]
[Round "5.26"]
[White "Agrest, Roman"]
[Black "Edlund, Robin"]
[Result "1-0"]
[WhiteElo "2107"]
[BlackElo "2206"]
[EventDate "2004.12.27"]
[PlyCount "135"]

1.b4 e5 2.Bb2 d6 3.Nf3 Nf6 4.e3 g6 5.c4 Bg7 6.Nc3 O-O 7.Be2 Re8 8.d4 e4 9.
Nd2 h5 10.h3 h4 11.Qc2 Bf5 12.O-O-O Nc6 13.a3 Bh6 14.Nf1 d5 15.Kb1 Ne7 16.
g3 g5 17.gxh4 gxh4 18.Nd2 c6 19.Rdg1+ Kh7 20.Nf1 Rg8 21.Bg4 Qd7 22.Bc1 Rg6
23.Nh2 Rag8 24.cxd5 cxd5 25.Ne2 Rc8 26.Nc3 Bxg4 27.Nxg4 Nxg4 28.hxg4 Rgc6 
29.Bb2 Ng6 30.f4 f5 31.g5 Bg7 32.Rc1 Kg8 33.Qb3 Rc4 34.Qa4 Qxa4 35.Nxa4 
Kf7 36.Nc3 Ke6 37.Ka2 Bf8 38.Kb3 Bd6 39.Rh3 Bb8 40.Rch1 Bd6 41.R3h2 Rh8 
42.Nb5 a6 43.Nc3 Rcc8 44.Na4 Rhd8 45.Nc5+ Bxc5 46.dxc5 d4 47.Bxd4 Rxd4 48.
exd4 Kd5 49.Kc3 Re8 50.Re1 Rh8 51.Rf1 h3 52.a4 e3 53.Kd3 Re8 54.Re2 h2 55.
Rxh2 Re4 56.Re2 Nxf4+ 57.Rxf4 Rxf4 58.Kxe3 Re4+ 59.Kf3 Rxd4 60.g6 Kc4 61.
Rg2 Rd8 62.Kf4 Kxb4 63.Rb2+ Kxc5 64.Rxb7 Rd1 65.g7 Rg1 66.Kxf5 Kd6 67.Rb6+
Kd5 68.Kf6 1-0

[Event "34th Rilton Cup"]
[Site "Stockholm SWE"]
[Date "2004.12.31"]
[Round "5.27"]
[White "Kosmo, Santul"]
[Black "Azizi, Haroon"]
[Result "1/2-1/2"]
[WhiteElo "2206"]
[BlackElo "2124"]
[EventDate "2004.12.27"]
[PlyCount "99"]

1.e4 Nf6 2.e5 Nd5 3.d4 d6 4.c4 Nb6 5.exd6 cxd6 6.Nc3 Bf5 7.Be3 e6 8.Nf3 
Be7 9.Be2 O-O 10.O-O a5 11.Rc1 d5 12.cxd5 exd5 13.Bf4 Na6 14.Ne5 Be6 15.
Re1 Nb4 16.a3 Nc6 17.Nb5 Nxe5 18.Bxe5 Nc4 19.Bxc4 dxc4 20.Nc7 Rc8 21.Nxe6 
fxe6 22.Qg4 Rf7 23.Qxe6 Rc6 24.Qg4 Qd5 25.Qe4 Qxe4 26.Rxe4 c3 27.Rxc3 Rxc3
28.bxc3 Bxa3 29.Kf1 b5 30.Re2 a4 31.Ke1 Rb7 32.Kd1 Kf7 33.Ra2 Bf8 34.Kc2 
Ke6 35.c4 a3 36.cxb5 Rxb5 37.Bf4 Kd5 38.Bc1 Kxd4 39.Bxa3 Bxa3 40.Rxa3 Ke5 
41.Kd2 Kf6 42.Ke2 h6 43.h4 Rb4 44.h5 Re4+ 45.Kf3 Rb4 46.g4 Kg5 47.Ra7 Rf4+
48.Ke3 Rxg4 49.Rxg7+ Kxh5 50.Rd7 1/2-1/2

[Event "34th Rilton Cup"]
[Site "Stockholm SWE"]
[Date "2004.12.31"]
[Round "5.31"]
[White "Vaenman, Kent"]
[Black "Janse, Love"]
[Result "1-0"]
[WhiteElo "2189"]
[BlackElo "2100"]
[EventDate "2004.12.27"]
[PlyCount "37"]

1.d4 f5 2.g3 Nf6 3.Bg2 g6 4.Nd2 d6 5.e4 fxe4 6.Nxe4 Bg7 7.Nxf6+ Bxf6 8.c3 
e5 9.dxe5 Bxe5 10.Bh6 Qe7 11.Ne2 Nc6 12.O-O Bg4 13.f3 Be6 14.Re1 Kd7 15.
Nd4 Nxd4 16.cxd4 Qf7 17.d5 Bxd5 18.Bh3+ Kd8 19.Bg5+ 1-0

[Event "34th Rilton Cup"]
[Site "Stockholm SWE"]
[Date "2004.12.31"]
[Round "5.34"]
[White "Aasberg, Anders"]
[Black "Tetenkina, Irina"]
[Result "1/2-1/2"]
[WhiteElo "1954"]
[BlackElo "2255"]
[EventDate "2004.12.27"]
[PlyCount "28"]

1.e4 c5 2.Nf3 Nc6 3.d4 cxd4 4.Nxd4 e5 5.Nb5 a6 6.Nd6+ Bxd6 7.Qxd6 Qf6 8.
Qc7 Nge7 9.Nc3 Nb4 10.Bd3 O-O 11.O-O b5 12.Kh1 d5 13.f4 Nxd3 14.cxd3 d4 
1/2-1/2

[Event "34th Rilton Cup"]
[Site "Stockholm SWE"]
[Date "2004.12.31"]
[Round "5.35"]
[White "Pukkila, Markku"]
[Black "Stenson, Johan"]
[Result "1/2-1/2"]
[WhiteElo "2181"]
[BlackElo "2099"]
[EventDate "2004.12.27"]
[PlyCount "90"]

1.e4 c6 2.d4 d5 3.e5 Bf5 4.Nf3 e6 5.Be2 Nd7 6.O-O Ne7 7.Be3 c5 8.dxc5 Nc6 
9.c4 dxc4 10.Na3 c3 11.Qb3 Bxc5 12.Qxc3 Bb4 13.Qb3 O-O 14.Nc4 Qc7 15.Rac1 
Nc5 16.Bxc5 Bxc5 17.Nd6 Bxd6 18.exd6 Qxd6 19.Qxb7 Nd4 20.Bd1 Rab8 21.Qxa7 
Nxf3+ 22.Bxf3 Rxb2 23.Ra1 Qf4 24.a4 Rb4 25.a5 Be4 26.Bxe4 Qxe4 27.a6 Ra8 
28.Qd7 g6 29.g3 Rb6 30.Rfc1 Kg7 31.Ra4 Qd5 32.Qxd5 exd5 33.a7 Rb7 34.Rca1 
d4 35.Kf1 d3 36.Ke1 Rd7 37.Kd2 h5 38.Ra6 Kf8 39.f3 Kg7 40.g4 hxg4 41.fxg4 
Kh7 42.h4 Kg7 43.h5 gxh5 44.gxh5 Kh7 45.h6 f5 1/2-1/2

[Event "34th Rilton Cup"]
[Site "Stockholm SWE"]
[Date "2004.12.31"]
[Round "5.36"]
[White "Palmblad, Jan-Peter"]
[Black "Dalmau, Anneli"]
[Result "1-0"]
[WhiteElo "2148"]
[BlackElo "2087"]
[EventDate "2004.12.27"]
[PlyCount "59"]

1.e4 e5 2.Nf3 Nc6 3.d4 exd4 4.Nxd4 Nf6 5.Nxc6 bxc6 6.e5 Qe7 7.Qe2 Nd5 8.c4
Nb6 9.Nc3 a5 10.b3 a4 11.Bb2 axb3 12.axb3 Rxa1+ 13.Bxa1 Qg5 14.g3 Qc1+ 15.
Qd1 Qxd1+ 16.Kxd1 d5 17.exd6 Bg4+ 18.Kd2 Bf3 19.Rg1 Bxd6 20.Ne2 O-O 21.Nd4
Be5 22.Bd3 Bxd4 23.Bxd4 Re8 24.Ra1 c5 25.Bxc5 Nd7 26.Bd4 c5 27.Be3 Ne5 28.
Kc3 Rd8 29.Bc2 Ng4 30.Bxc5 1-0

[Event "34th Rilton Cup"]
[Site "Stockholm SWE"]
[Date "2004.12.31"]
[Round "5.37"]
[White "Hansson, Haakan"]
[Black "Isaksson, Per"]
[Result "1/2-1/2"]
[WhiteElo "2137"]
[BlackElo "2072"]
[EventDate "2004.12.27"]
[PlyCount "49"]

1.d4 d5 2.c4 dxc4 3.Nf3 Nf6 4.e3 e6 5.Bxc4 c5 6.O-O a6 7.a4 Nc6 8.Nc3 Qc7 
9.Qe2 Bd6 10.Rd1 O-O 11.h3 Bd7 12.dxc5 Bxc5 13.e4 Ne5 14.Ba2 Bc6 15.Bg5 
Nfd7 16.Rac1 Qb6 17.Nxe5 Nxe5 18.Bf4 Ng6 19.Bd6 Bxd6 20.Rxd6 Rfd8 21.Rcd1 
Rxd6 22.Rxd6 Qb4 23.Qd2 Rc8 24.Rd4 Qe7 25.b4 1/2-1/2

[Event "34th Rilton Cup"]
[Site "Stockholm SWE"]
[Date "2004.12.31"]
[Round "5.38"]
[White "Miloradovic, Jelena"]
[Black "Hayes, Stuart"]
[Result "1-0"]
[WhiteElo "2133"]
[BlackElo "2048"]
[EventDate "2004.12.27"]
[PlyCount "59"]

1.c4 Nf6 2.Nc3 e6 3.e4 d5 4.e5 Nfd7 5.d4 c6 6.f4 dxc4 7.Bxc4 Nb6 8.Bb3 Nd5
9.Nf3 b6 10.O-O Be7 11.Bc2 O-O 12.Ng5 g6 13.Rf3 Nxf4 14.Nxh7 Kxh7 15.Bxf4 
Kg7 16.Qd2 Rh8 17.Raf1 Ba6 18.R1f2 Qe8 19.Bh6+ Kg8 20.Qf4 Nd7 21.Qxf7+ 
Qxf7 22.Rxf7 Rxh6 23.Rxe7 Nf8 24.Ne4 Bc4 25.a3 Bd5 26.Nd6 Rh4 27.Rd2 Rf4 
28.g3 Rg4 29.Bd1 Rg5 30.Nf7 1-0

[Event "34th Rilton Cup"]
[Site "Stockholm SWE"]
[Date "2004.12.31"]
[Round "5.39"]
[White "Elfstroem, Joergen"]
[Black "Duenas, Alexis"]
[Result "1-0"]
[WhiteElo "2131"]
[BlackElo "1987"]
[EventDate "2004.12.27"]
[PlyCount "45"]

1.d4 d5 2.c4 c6 3.cxd5 cxd5 4.Nc3 Nf6 5.Nf3 Nc6 6.Bf4 Bf5 7.Qb3 Na5 8.Qa4+
Bd7 9.Qc2 e6 10.e3 Rc8 11.Bd3 Be7 12.O-O O-O 13.Ne5 b5 14.Qe2 a6 15.g4 g6 
16.Bh6 Re8 17.h4 Nc4 18.h5 Nd6 19.hxg6 fxg6 20.Qf3 Bf8 21.Bg5 Be7 22.Bxf6 
Bxf6 23.Nxd7 1-0

[Event "34th Rilton Cup"]
[Site "Stockholm SWE"]
[Date "2004.12.31"]
[Round "5.44"]
[White "Alquist, Erik"]
[Black "Nyland, Thomas"]
[Result "1/2-1/2"]
[WhiteElo "2095"]
[BlackElo "2008"]
[EventDate "2004.12.27"]
[PlyCount "125"]

1.e4 e5 2.Nf3 Nc6 3.Bb5 a6 4.Ba4 Bc5 5.c3 Nf6 6.O-O O-O 7.d4 exd4 8.cxd4 
Be7 9.d5 Nb8 10.e5 Ne4 11.Nc3 Nxc3 12.bxc3 d6 13.Bc2 dxe5 14.Nxe5 Bf6 15.
Bf4 g6 16.Qf3 Bg7 17.Rab1 Qf6 18.Qg3 Bf5 19.Bxf5 Qxf5 20.Rxb7 g5 21.Bxg5 
Qxe5 22.Rxc7 Qxg3 23.fxg3 Be5 24.Rc4 f6 25.Bh6 Rd8 26.Rg4+ Kf7 27.c4 Rg8 
28.Re4 Nd7 29.c5 Kg6 30.Be3 f5 31.Rc4 Nf6 32.Bd4 Nxd5 33.Bxe5 Ne3 34.Rfc1 
Nxc4 35.Rxc4 Rge8 36.Bf4 Re2 37.g4 fxg4 38.c6 Rxa2 39.c7 Rc8 40.Bg3 Kf5 
41.Rc5+ Kg6 42.Rc6+ Kf7 43.Rh6 Kg7 44.Rb6 Ra1+ 45.Kf2 Rf8+ 46.Ke3 Kf7 47.
Kd2 Ra2+ 48.Kc3 Ra3+ 49.Kb4 Ra1 50.Kc5 Rc1+ 51.Kd6 Re8 52.Kd7 a5 53.Bd6 a4
54.Rb8 Re2 55.c8=Q Rxc8 56.Rxc8 Rxg2 57.Rc4 a3 58.Rf4+ Kg6 59.Ke6 Re2+ 60.
Be5 h5 61.Rf6+ Kg5 62.Rf5+ Kg6 63.Rf6+ 1/2-1/2

[Event "34th Rilton Cup"]
[Site "Stockholm SWE"]
[Date "2004.12.31"]
[Round "5.46"]
[White "Lardot, Derik"]
[Black "Nystroem, Ragnar"]
[Result "1-0"]
[WhiteElo "2029"]
[BlackElo "2082"]
[EventDate "2004.12.27"]
[PlyCount "97"]

1.e4 e6 2.d4 d5 3.Nd2 Nf6 4.e5 Nfd7 5.Bd3 c5 6.c3 Nc6 7.Ne2 Qb6 8.Nf3 cxd4
9.cxd4 f6 10.exf6 Nxf6 11.O-O Bd6 12.Bf4 Bxf4 13.Nxf4 Qxb2 14.Re1 O-O 15.
Nxe6 Bxe6 16.Rxe6 Rae8 17.Rxe8 Rxe8 18.Qc1 Qb4 19.Rb1 Qe7 20.Qb2 Nd8 21.
Ne5 b6 22.Bb5 Rf8 23.f3 Ne6 24.Rc1 Qb7 25.Qc3 a6 26.Bd3 b5 27.Bf5 Qb6 28.
Bxe6+ Qxe6 29.Qc6 Qf5 30.g4 Nxg4 31.Qxd5+ Kh8 32.fxg4 Qf4 33.Rd1 g6 34.Qg2
Rc8 35.Kh1 Qe3 36.Qf3 Qxf3+ 37.Nxf3 Rc3 38.Kg2 Rc2+ 39.Rd2 Rc8 40.Kf2 Kg7 
41.Ke3 Kf6 42.Ke4 Re8+ 43.Ne5 h5 44.gxh5 gxh5 45.Rg2 Rc8 46.Rg6+ Ke7 47.
Rc6 Rg8 48.Rxa6 Rg2 49.Nf3 1-0

[Event "34th Rilton Cup"]
[Site "Stockholm SWE"]
[Date "2004.12.31"]
[Round "5.47"]
[White "Ozga, Magdalena"]
[Black "Dalmau, Juan"]
[Result "1-0"]
[WhiteElo "1911"]
[BlackElo "2055"]
[EventDate "2004.12.27"]
[PlyCount "77"]

1.e4 e5 2.Nf3 Nc6 3.Bc4 Nf6 4.d4 exd4 5.e5 d5 6.Bb5 Ne4 7.Nxd4 Bd7 8.Bxc6 
bxc6 9.O-O Bc5 10.f3 Ng5 11.Be3 O-O 12.f4 Ne6 13.f5 Bxd4 14.Bxd4 Nxd4 15.
Qxd4 Qg5 16.h4 Qh5 17.Qf4 h6 18.Rf3 Kh7 19.Nc3 g5 20.hxg5 Qxg5 21.Qxg5 
hxg5 22.Na4 Rab8 23.Nc5 Bc8 24.b3 Rb5 25.Nd3 d4 26.Kf2 Kg7 27.Rh1 Rh8 28.
Rxh8 Kxh8 29.Kg3 Rd5 30.Kg4 Ra5 31.a4 Ba6 32.Kxg5 Bxd3 33.Rxd3 Rxe5 34.
Rxd4 Re2 35.Kf6 Rxg2 36.Kxf7 Rg7+ 37.Ke6 Rg2 38.f6 Re2+ 39.Kf7 1-0

[Event "34th Rilton Cup"]
[Site "Stockholm SWE"]
[Date "2004.12.31"]
[Round "5.50"]
[White "Oerndahl, Markus"]
[Black "Horn, Emilia"]
[Result "0-1"]
[WhiteElo "1983"]
[BlackElo "2046"]
[EventDate "2004.12.27"]
[PlyCount "60"]

1.e4 e5 2.Nf3 Nc6 3.d4 exd4 4.Nxd4 Bc5 5.Be3 Qf6 6.c3 Nge7 7.g3 b6 8.Bg2 
d5 9.O-O Ba6 10.Re1 Ne5 11.Qa4+ b5 12.Nxb5 Bxe3 13.Nxc7+ Kd8 14.Rxe3 Kxc7 
15.exd5 N7g6 16.d6+ Qxd6 17.Qa5+ Kc8 18.Na3 Rb8 19.b4 Rd8 20.b5 Bb7 21.
Bh3+ Nd7 22.c4 Ne5 23.c5 Qd5 24.c6 Bxc6 25.Qa6+ Bb7 26.Rc1+ Nc4 27.Rxc4+ 
Qxc4 28.Bxd7+ Kxd7 29.Qa5 Qd5 30.Kf1 Re8 0-1

[Event "34th Rilton Cup"]
[Site "Stockholm SWE"]
[Date "2005.01.02"]
[Round "6.1"]
[White "Ivanov, Sergei"]
[Black "Volkov, Sergei"]
[Result "1/2-1/2"]
[WhiteElo "2553"]
[BlackElo "2628"]
[EventDate "2004.12.27"]
[PlyCount "82"]

1.d4 d5 2.c4 c6 3.Nc3 Nf6 4.Nf3 a6 5.Ne5 e6 6.cxd5 cxd5 7.Bf4 Nh5 8.Bd2 
Nf6 9.Bf4 Nh5 10.Bd2 Nf6 11.e3 Nbd7 12.f4 Ne4 13.Nxe4 dxe4 14.Qc2 Nxe5 15.
fxe5 Bd7 16.Qxe4 Bc6 17.Qf4 Be7 18.Bd3 Bh4+ 19.Ke2 g5 20.Qf6 Qxf6 21.exf6 
g4 22.d5 exd5 23.Raf1 O-O-O 24.Rf5 h6 25.Rc1 Rhe8 26.Bxa6 Kb8 27.Bd3 Bg5 
28.Rc5 Rd6 29.b4 d4 30.e4 Bxe4 31.Bxe4 d3+ 32.Kd1 Bxd2 33.Kxd2 Rxe4 34.
Rcd5 Rxd5 35.Rxd5 Rxb4 36.Rd7 Rb2+ 37.Kxd3 Rxg2 38.Rxf7 Rxh2 39.Rg7 Rf2 
40.f7 Ka7 41.Ke4 g3 1/2-1/2

[Event "34th Rilton Cup"]
[Site "Stockholm SWE"]
[Date "2005.01.02"]
[Round "6.2"]
[White "Khenkin, Igor"]
[Black "Handke, Florian"]
[Result "1/2-1/2"]
[WhiteElo "2587"]
[BlackElo "2467"]
[EventDate "2004.12.27"]
[PlyCount "31"]

1.d4 d5 2.c4 c6 3.e3 Nf6 4.Bd3 a6 5.Nf3 Bg4 6.Qb3 Bxf3 7.gxf3 Ra7 8.Nc3 e6
9.Bd2 dxc4 10.Bxc4 Nbd7 11.a4 Be7 12.e4 O-O 13.Be3 Qa5 14.O-O Qh5 15.Be2 
Bd6 16.e5 1/2-1/2

[Event "34th Rilton Cup"]
[Site "Stockholm SWE"]
[Date "2005.01.02"]
[Round "6.3"]
[White "Lyrberg, Patrik"]
[Black "Ulybin, Mikhail"]
[Result "1/2-1/2"]
[WhiteElo "2432"]
[BlackElo "2556"]
[EventDate "2004.12.27"]
[PlyCount "79"]

1.d4 e6 2.c4 f5 3.g3 Nf6 4.Bg2 c6 5.Nh3 d5 6.Nd2 Bd6 7.Qc2 O-O 8.Nf3 b6 9.
Nf4 Ne4 10.O-O Qe7 11.Nd3 Ba6 12.b3 Nd7 13.Nfe5 Rac8 14.Rd1 c5 15.Nxd7 
Qxd7 16.dxc5 bxc5 17.Bf4 d4 18.e3 Bxf4 19.exf4 Bb7 20.Re1 a5 21.Re2 Nc3 
22.Re5 Bxg2 23.Kxg2 Qc6+ 24.Kg1 Qb6 25.a4 Rc6 26.f3 Rb8 27.Ra3 h6 28.Kg2 
Rc7 29.Qc1 Rf8 30.h4 Rc6 31.Qe1 Rf6 32.Kh3 Rf8 33.Qc1 Rf6 34.Qe1 Rf8 35.
Qc1 Rf6 36.Qc2 Rf8 37.Ra1 Rb8 38.Ra3 Rb7 39.Qc1 Rb8 40.Qc2 1/2-1/2